| 000 | 01680cam a22004217a 4500 | ||
|---|---|---|---|
| 003 | CHAP | ||
| 005 | 20220329141829.0 | ||
| 008 | 971125d1997 mx r 00110 spa d | ||
| 010 | _a74496 | ||
| 011 | _a75468 | ||
| 035 | _a85032 | ||
| 040 | _cCHAP | ||
| 090 | _aTesis | ||
| 100 | 0 | 0 |
_aFernández Cázares, Silvia. _940142 |
| 245 | 1 | 0 |
_aEstrategias para exportación de productos frutícolas mexicanos al mercado francés : _bel caso del aguacate (Persea americana) diferentes cultivares, mango (Magnifera indica L) diferentes cultivares y limón, en sus variedades Persa (Citrus aurantifoli |
| 260 |
_aChapingo, Méx. : _bEl autor, _c1997. |
||
| 300 |
_a159 h. : _bgráfs. ; cuadros |
||
| 502 | _aTesis (Lic. en Comercio Internacional de Productos Agropecuarios) -- UACH. Departamento de Economía Agrícola | ||
| 590 |
_aALEPH _b10 _c20130110 _lUCH01 _h1419 |
||
| 590 |
_aBATCH-UPD _b10 _c20130110 _lUCH01 _h0545 |
||
| 590 |
_aBATCH-UPD _b10 _c20130110 _lUCH01 _h2342 |
||
| 590 |
_aBATCH-UPD _b10 _c20130410 _lUCH01 _h0226 |
||
| 590 |
_aBATCH-UPD _b10 _c20130410 _lUCH01 _h1631 |
||
| 590 |
_aBATCH-UPD _b10 _c20130913 _lUCH01 _h2304 |
||
| 590 |
_aCONVERSION _b10 _c20130109 _lUCH01 _h1341 |
||
| 650 | 1 | 4 |
_aAguacate _xExportacion. _92515 |
| 650 | 1 | 4 |
_aAguacate _xMercadeo. _92534 |
| 650 | 1 | 4 |
_aLimón persa _xMercadeo. _966870 |
| 650 | 1 | 4 |
_aLimón _xExportación. _966829 |
| 650 | 1 | 4 |
_aMango _xExportación. _970415 |
| 650 | 1 | 4 |
_aMango _xMercadeo. _970434 |
| 700 | 0 |
_aLópez Cerino, Rafael. _967766 |
|
| 901 | _aBK | ||
| 905 | _aLilia Sánchez G. | ||
| 942 | _cFOLL | ||
| 949 |
_bBC _cTES _d33724000638516 _eTS2 _fc.2 _h31675 _i85032 _si |
||
| 949 |
_bBC _cTES _d850321 _eTS1 _h31674 _i85032 _sb |
||
| 999 |
_c74496 _d74496 |
||